<?xml version="1.0" encoding="UTF-8"?>
<marc:record xmlns:marc="http://www.loc.gov/MARC21/slim">
   <marc:leader>00000nam a2200000 a 4500</marc:leader>
   <marc:datafield ind1="1" ind2=" " tag="100">
      <marc:subfield code="a">Cass, Kiera</marc:subfield>
      <marc:subfield code="4">aut</marc:subfield>
      <marc:subfield code="e">Verfasser/-in</marc:subfield>
   </marc:datafield>
   <marc:datafield ind1="0" ind2="0" tag="245">
      <marc:subfield code="a">Selection 1</marc:subfield>
   </marc:datafield>
   <marc:datafield ind1="0" ind2="0" tag="245">
      <marc:subfield code="c">Kiera Cass</marc:subfield>
   </marc:datafield>
   <marc:datafield ind1=" " ind2="1" tag="264">
      <marc:subfield code="b">Sauerländer</marc:subfield>
      <marc:subfield code="c">2014</marc:subfield>
   </marc:datafield>
   <marc:datafield ind1=" " ind2=" " tag="250">
      <marc:subfield code="a">8.Aufl.</marc:subfield>
   </marc:datafield>
   <marc:datafield ind1="1" ind2=" " tag="520">
      <marc:subfield code="a">America Singer hat die Nachricht erhalten, dass der Prinz von Illéa, Maxon Schreave, mit der Selection beginnt, einem Wettbewerb um die Hand des Prinzen und die Krone. America hat kein Interesse, daran teilzunehmen, da sie bereits mit Aspen eine geheime Liebesbeziehung führt. Nach einem Streit zwischen den beiden und dem Druck ihrer Familie schreibt sie sich doch ein und wird prompt neben 34 anderen Mädchen ausgewählt, um das Herz des Prinzen für sich zu gewinnen. Im Palast macht sich America schnell Freunde, aber auch Feinde. Ihre einzigartige Persönlichkeit wird von Prinz Maxon entdeckt, aber sie macht deutlich, dass sie kein Interesse an ihm hat. Im Lauf der Zeit kommen sie einander näher und werden Freunde. Obwohl sie Aspen noch immer liebt, merkt sie, dass der Prinz ganz anders ist, als sie ihn sich vorgestellt hat, und verliebt sich langsam in ihn. Während Rebellengruppen, deren Ziel America unbekannt ist, den Palast attackieren, scheiden auch immer mehr Mädchen aus dem Wettbewerb aus. Aspen wird ein neuer Wachposten im Palast und so treffen er und America wieder aufeinander. Sie ist verwirrt über ihre Gefühle und die Tatsache, dass sie mit ihrer Liebschaft zu Aspen gegen die Regeln verstößt, was sogar mit dem Tode bestraft werden kann. Das macht es nicht einfach für sie. Nach einem weiteren Rebellenangriff beschließt Maxon, die Zahl der übrigen Mädchen auf sechs zu reduzieren, die damit die Elite bilden und somit in die nächste Runde des Wettbewerbs aufgenommen sind. America ist unter diesen sechs. Sie sagt Aspen, dass sie ihre romantische Beziehung einstellen müssen. Aspen jedoch macht klar, dass er nicht aufgeben wird.</marc:subfield>
   </marc:datafield>
   <marc:datafield ind1=" " ind2=" " tag="020">
      <marc:subfield code="a">9783737361880</marc:subfield>
      <marc:subfield code="9">9783737361880</marc:subfield>
   </marc:datafield>
   <marc:datafield ind1=" " ind2=" " tag="041">
      <marc:subfield code="a">ger</marc:subfield>
   </marc:datafield>
   <marc:datafield ind1=" " ind2=" " tag="300">
      <marc:subfield code="a">365</marc:subfield>
   </marc:datafield>
</marc:record>
